Word abreveation quiz Stats

 Plays Quiz not verified by Sporcle

Also try: Mixed Word: Fish
Challenge
Share
Tweet
Embed
Score 0/15 Timer 05:00
0 Plays Today
abreveation what it means % Correct
LOLlaugh out loud
94.1%
OMGoh my god
82.4%
BRBbe right back
70.6%
L8Rlater
64.7%
ROFLrolling on floor laughing
58.8%
FTWfor the win
41.2%
BBLbe back later
41.2%
TTFNta ta for now
35.3%
abreveation what it means % Correct
LMAOlaugh my ass off
35.3%
TMItoo much information
29.4%
WTFwhat the f***
17.6%
TGIFthank goodness its friday
17.6%
IIRCif i remember correctly
11.8%
JFGIjust f***ing google it
5.9%
TTYLtak to you later
0%

You're not logged in!

Compare scores with friends on all Sporcle quizzes.
Join for Free
OR
Log In

You Might Also Like...

Show Comments

Extras

Created Jun 24, 2012ReportFavoriteNominate
Tags:2012, Barack Obama

Top Quizzes Today


Score Distribution

Your Account Isn't Verified!

In order to create a playlist on Sporcle, you need to verify the email address you used during registration. Go to your Sporcle Settings to finish the process.

Report this User

Report this user for behavior that violates our Community Guidelines.

Details: